| 000 | 01760nam0a2200349 4500 | ||
|---|---|---|---|
| 001 | RU\NLR\BIBL_A\012657757 | ||
| 005 | 20220325145130.0 | ||
| 010 |
_a978-5-00110-209-0 _9100 |
||
| 021 |
_aRU _bКН-П-21-047862 _9КН-П-21-3767 |
||
| 035 | _a(NLR Aleph) 012657757 | ||
| 090 |
_a12745792 _c12745792 |
||
| 100 | _a20211202d2021 u y0rusy50 ca | ||
| 101 | 0 | _arus | |
| 102 | _aRU | ||
| 105 | _aa z 000zy | ||
| 181 | 0 |
_ai3 _baxxe |
|
| 182 | 0 | _an | |
| 200 | 1 |
_aХочу всё знать _eзадания с элементами ТРИЗ для развития логического мышления, фантазии, смекалки, внимания и воображения _eучебное пособие для внеурочной деятельности _fФ. А. Трескунова |
|
| 203 |
_aТекст _bвизуальный _cнепосредственный |
||
| 210 |
_aСанкт-Петербург _cМедиапапир _d2021 |
||
| 215 |
_a165, [1] с. _cил., цв. ил. _d24 |
||
| 320 | _aБиблиогр.: с. 164-165 | ||
| 517 | 1 | _aЗадания с элементами ТРИЗ для развития логического мышления, фантазии, смекалки, внимания и воображения | |
| 606 | 1 |
_aНачальные школы _jУчебные издания _xВнеклассная работа _92360558 _3RU\NLR\AUTH\661409645 |
|
| 606 | 1 |
_aТРИЗ-педагогика _jУчебные издания _xНачальная школа _92418133 _3RU\NLR\AUTH\6601659031 |
|
| 686 | 1 | _aЧ421.211.5,01я7 | |
| 686 | 1 | _aЧ421.38,01я7 | |
| 700 | 1 |
_aТрескунова _bФ. А. |
|
| 942 | _cBOOK | ||
| 980 | _aNB | ||